| 000 | 00470ntaaa2200181 4500 | ||
|---|---|---|---|
| 003 | 01 | ||
| 005 | 20251027202603.0 | ||
| 008 | 0714s1973 ag 01 | ||
| 040 |
_aAR-BaBN _bspa _cAR-BaBN _eaacr _dRIC |
||
| 082 | _a320.5000 Sa1h | ||
| 100 |
_aSabine, George H _925042 |
||
| 245 | _aHistoria de la teoria política | ||
| 250 | _a1 ed. | ||
| 260 |
_aMéxico : _bFondon de cultura económica, _c1975 |
||
| 300 | _a677 p | ||
| 650 |
_apolítica-historia _925043 |
||
| 942 | _cBK | ||
| 999 |
_c20988 _d20988 |
||